<?xml version="1.0" encoding="UTF-8"?><?xml-stylesheet type="text/xsl" href="static/style.xsl"?><OAI-PMH xmlns="http://www.openarchives.org/OAI/2.0/" xmlns:xsi="http://www.w3.org/2001/XMLSchema-instance" xsi:schemaLocation="http://www.openarchives.org/OAI/2.0/ http://www.openarchives.org/OAI/2.0/OAI-PMH.xsd"><responseDate>2026-04-17T11:36:15Z</responseDate><request verb="GetRecord" identifier="oai:www.recercat.cat:20.500.12328/2660" metadataPrefix="marc">https://recercat.cat/oai/request</request><GetRecord><record><header><identifier>oai:recercat.cat:20.500.12328/2660</identifier><datestamp>2025-05-20T00:02:06Z</datestamp><setSpec>com_2072_67741</setSpec><setSpec>col_2072_484352</setSpec></header><metadata><record xmlns="http://www.loc.gov/MARC21/slim" xmlns:dcterms="http://purl.org/dc/terms/" xmlns:xsi="http://www.w3.org/2001/XMLSchema-instance" xmlns:doc="http://www.lyncode.com/xoai" xsi:schemaLocation="http://www.loc.gov/MARC21/slim http://www.loc.gov/standards/marcxml/schema/MARC21slim.xsd">
   <leader>00925njm 22002777a 4500</leader>
   <datafield ind2=" " ind1=" " tag="042">
      <subfield code="a">dc</subfield>
   </datafield>
   <datafield ind2=" " ind1=" " tag="720">
      <subfield code="a">Munoz, Celia</subfield>
      <subfield code="e">author</subfield>
   </datafield>
   <datafield ind2=" " ind1=" " tag="720">
      <subfield code="a">Trapero-Bertran, Marta</subfield>
      <subfield code="e">author</subfield>
   </datafield>
   <datafield ind2=" " ind1=" " tag="720">
      <subfield code="a">Cheung, Kei Long</subfield>
      <subfield code="e">author</subfield>
   </datafield>
   <datafield ind2=" " ind1=" " tag="720">
      <subfield code="a">Evers, Silvia</subfield>
      <subfield code="e">author</subfield>
   </datafield>
   <datafield ind2=" " ind1=" " tag="720">
      <subfield code="a">Hiligsmann, Mickael</subfield>
      <subfield code="e">author</subfield>
   </datafield>
   <datafield ind2=" " ind1=" " tag="720">
      <subfield code="a">De Vries, Hein</subfield>
      <subfield code="e">author</subfield>
   </datafield>
   <datafield ind2=" " ind1=" " tag="720">
      <subfield code="a">López-Nicolás, Ángel</subfield>
      <subfield code="e">author</subfield>
   </datafield>
   <datafield ind2=" " ind1=" " tag="260">
      <subfield code="c">2016</subfield>
   </datafield>
   <datafield ind2=" " ind1=" " tag="520">
      <subfield code="a">Introducción: El Proyecto Europeo EQUIPT pretende adaptar una herramienta de retorno de la inversión en tabaco para varios países, con el fin de proporcionar información sobre el retorno de invertir en estrategias y justificar la toma de decisiones. El objetivo de este estudio es identificar las necesidades de los usuarios en España para documentar la transferibilidad de la herramienta. Métodos: Entrevistas telefónicas con actores relevantes sobre la implementación de la Herramienta EQUIPT, intención de uso y estrategias de control del tabaco. Resultados: La herramienta puede añadir valor a la información utilizada al tomar decisiones y abogar por políticas coste-efectivas. Como inconvenientes, conocer cómo funcionará la herramienta, así como la formación y el tiempo que requerirá la consistencia y los cálculos internos. Conclusión: Se recogen conocimientos e ideas de los potenciales usuarios para ayudar a adaptar la Herramienta EQUIPT, de modo que proporcione ayuda en la toma de decisiones eficientes.</subfield>
   </datafield>
   <datafield ind2=" " ind1=" " tag="520">
      <subfield code="a">Introduction: The European EQUIPT study will co-create a return on investment tool in several countries, aiming to provide decision makers with information and justification on the returns that can be generated by investing in tobacco control. This study aimed to identify the needs of potential users in Spain in order to provide information on the transferability of the tool. Methods: Telephone interviews with stakeholders were conducted including questions about the implementation of the tool, intended use and tobacco control interventions. Results: Implementing the tool could provide added value to the information used in decision-making to advocate for cost-effective policies. The main drawback would be the training and time needed to learn how the tool works and for internal calculations. Conclusion: Knowledge and ideas from potential users collected in this study could inform the EQUIPT Tool adaptation. Thus, stakeholders could have an instrument that assists them on making healthcare decisions.</subfield>
   </datafield>
   <datafield ind1="8" ind2=" " tag="024">
      <subfield code="a">Munoz, Celia; Trapero-Bertran, Marta; Long Cheung, Kei [et al.]. Herramienta de retorno de la inversión en control del tabaquismo: ¿qué opinan aquellos que toman decisiones?. Gaceta Sanitaria, 2016, 30(2), p. 121-125. Disponible en: &lt;https://www.sciencedirect.com/science/article/pii/S0213911115002393?via%3Dihub#!>. Fecha de acceso: 28 jun. 2021. DOI: 10.1016/j.gaceta.2015.10.012</subfield>
   </datafield>
   <datafield ind1="8" ind2=" " tag="024">
      <subfield code="a">0213-9111</subfield>
   </datafield>
   <datafield ind1="8" ind2=" " tag="024">
      <subfield code="a">http://hdl.handle.net/20.500.12328/2660</subfield>
   </datafield>
   <datafield ind1="8" ind2=" " tag="024">
      <subfield code="a">https://dx.doi.org/10.1016/j.gaceta.2015.10.012</subfield>
   </datafield>
   <datafield tag="653" ind2=" " ind1=" ">
      <subfield code="a">Tabac</subfield>
   </datafield>
   <datafield tag="653" ind2=" " ind1=" ">
      <subfield code="a">Hàbit de fumar</subfield>
   </datafield>
   <datafield tag="653" ind2=" " ind1=" ">
      <subfield code="a">Política de salut</subfield>
   </datafield>
   <datafield tag="653" ind2=" " ind1=" ">
      <subfield code="a">Economia en atenció de salut i organitzacions</subfield>
   </datafield>
   <datafield tag="653" ind2=" " ind1=" ">
      <subfield code="a">Avaluació de programes i projectes de salut</subfield>
   </datafield>
   <datafield tag="653" ind2=" " ind1=" ">
      <subfield code="a">Investigació sobre eficàcia comparativa</subfield>
   </datafield>
   <datafield tag="653" ind2=" " ind1=" ">
      <subfield code="a">Tabaco</subfield>
   </datafield>
   <datafield tag="653" ind2=" " ind1=" ">
      <subfield code="a">Hábito de fumar</subfield>
   </datafield>
   <datafield tag="653" ind2=" " ind1=" ">
      <subfield code="a">Política de salud</subfield>
   </datafield>
   <datafield tag="653" ind2=" " ind1=" ">
      <subfield code="a">Economía en atención de salud y organizaciones</subfield>
   </datafield>
   <datafield tag="653" ind2=" " ind1=" ">
      <subfield code="a">Evaluación de programas y proyectos de salud</subfield>
   </datafield>
   <datafield tag="653" ind2=" " ind1=" ">
      <subfield code="a">Investigación sobre eficacia comparativa</subfield>
   </datafield>
   <datafield tag="653" ind2=" " ind1=" ">
      <subfield code="a">Tobacco</subfield>
   </datafield>
   <datafield tag="653" ind2=" " ind1=" ">
      <subfield code="a">Smoking habit</subfield>
   </datafield>
   <datafield tag="653" ind2=" " ind1=" ">
      <subfield code="a">Health policy</subfield>
   </datafield>
   <datafield tag="653" ind2=" " ind1=" ">
      <subfield code="a">Economics in health care and organizations</subfield>
   </datafield>
   <datafield tag="653" ind2=" " ind1=" ">
      <subfield code="a">Evaluation of health programs and projects</subfield>
   </datafield>
   <datafield tag="653" ind2=" " ind1=" ">
      <subfield code="a">Research on comparative efficacy</subfield>
   </datafield>
   <datafield ind2="0" ind1="0" tag="245">
      <subfield code="a">Herramienta de retorno de la inversión en control del tabaquismo: ¿qué opinan aquellos que toman decisiones?</subfield>
   </datafield>
</record></metadata></record></GetRecord></OAI-PMH>